000 00837cam a2200265 a 4500
999 _c5619
_d5619
001 5619
003 BD-JhCC
005 20171219083407.0
008 860404s1987 nyua b 001 0 eng
020 _a0442260709
035 _a(BD-JhCC)5619
040 _aDLC
_cDLC
_dDLC
041 _aeng
050 0 0 _aQE471.2
_b.C57 1987
082 0 0 _a551.3/04
_219
_bMAR 1987
245 0 0 _aClastic particles :
_bscanning electron microscopy and shape analysis of sedimentary and volcanic clasts /
_cedited by John R. Marshall.
260 _aNew York :
_bVan Nostrand Reinhold Co.,
_cc1987.
300 _axii, 346 p. :
_bill. ;
_c27 cm.
504 _aIncludes bibliographies and index.
650 0 _aSediments (Geology)
_xAnalysis.
650 0 _aScanning electron microscopy.
700 1 _aMarshall, John R.
942 _2ddc
_cBK